书目信息 |
| 题名: |
美国宪法之父
|
|
| 作者: | 威尔士 著 ;刘红 译 | |
| 分册: | ||
| 出版信息: | 合肥 安徽教育出版社 2006.01 |
|
| 页数: | 181页 | |
| 开本: | 21cm | |
| 丛书名: | 美国总统书系 | |
| 单 册: | ||
| 中图分类: | K837.127 | |
| 科图分类: | ||
| 主题词: | 传记 | |
| 电子资源: | ||
| ISBN: | 7-5336-4452-2 | |
| 000 | 00687 nam 000241 | |
| 001 | 0100000474 | |
| 005 | 20070903094613.78 | |
| 010 | @a7-5336-4452-2@dCNY24.00 | |
| 100 | @a20070717d2006 em y0chiy0121 ea | |
| 101 | @achi | |
| 102 | @aCN@b340000 | |
| 105 | @ay z 000yy | |
| 200 | 10 | @a美国宪法之父@9mei guo xian fa zhi fu@e詹姆斯.麦迪逊传@f(美)威尔士著@F( mei ) wei er shi zhu@g刘红译@Gliu hong yi |
| 210 | @a合肥@c安徽教育出版社@d2006.01 | |
| 215 | @a181页@d21cm | |
| 225 | @a美国总统书系 | |
| 606 | @a传记 | |
| 690 | @aK837.127@v4 | |
| 701 | 0 | @a威尔士@9wei er shi@4著 |
| 702 | @a刘红@9liu hong@4译 | |
| 801 | @aCN@c20070903 | |
| 901 | @a000002 | |
| 905 | @dK837.127@eW497 | |
| 美国宪法之父:詹姆斯.麦迪逊传/(美)威尔士著/刘红译.-合肥:安徽教育出版社,2006.01 |
| 181页;21cm.-(美国总统书系) |
| ISBN 7-5336-4452-2:CNY24.00 |
| ● |
| 相关链接 |
|
|
|
正题名:美国宪法之父
索取号:K837.127/W497
 
预约/预借
| 序号 | 登录号 | 条形码 | 馆藏地/架位号 | 状态 | 备注 |
| 1 | 642953 | 206429532 | 社科库309/309社科库 6排1列6层/ [索取号:K837.127/W497] | 在馆 | |
| 2 | 642954 | 206429541 | 社科库309/309社科库 6排1列6层/ [索取号:K837.127/W497] | 在馆 |